<?xml version='1.0' encoding='UTF-8'?>
  <record xmlns="http://www.loc.gov/MARC21/slim">
    <leader>00000cam a22000007i 4500</leader>
    <controlfield tag="001">ocm65361410</controlfield>
    <controlfield tag="003">OCoLC</controlfield>
    <controlfield tag="005">20250916014744.1</controlfield>
    <controlfield tag="008">900517s1834    gw            000 0 ger d</controlfield>
    <datafield tag="040" ind1=" " ind2=" ">
      <subfield code="a">NLGGC</subfield>
      <subfield code="b">dut</subfield>
      <subfield code="e">fobidrtb</subfield>
      <subfield code="c">NLGGC</subfield>
      <subfield code="d">OCLCO</subfield>
      <subfield code="d">OCLCA</subfield>
      <subfield code="d">OCLCL</subfield>
      <subfield code="d">OCLCQ</subfield>
    </datafield>
    <datafield tag="029" ind1="0" ind2=" ">
      <subfield code="a">NLGGC</subfield>
      <subfield code="b">061604585</subfield>
    </datafield>
    <datafield tag="035" ind1=" " ind2=" ">
      <subfield code="a">(OCoLC)65361410</subfield>
    </datafield>
    <datafield tag="245" ind1="0" ind2="0">
      <subfield code="a">Pfennig-Encyklopädie der Anatomie oder bildliche Darstellung der gesammten menschlichen Anatomie nach Rosenmüller, Loder, Carl Bell ... [et al.] /</subfield>
      <subfield code="c">gestochen von J. F. Schröter ; mit erklärendem Texte von Th. Richter.</subfield>
    </datafield>
    <datafield tag="250" ind1=" " ind2=" ">
      <subfield code="a">3. Aufl.</subfield>
    </datafield>
    <datafield tag="260" ind1=" " ind2=" ">
      <subfield code="a">Leipzig :</subfield>
      <subfield code="b">Baumgärtner,</subfield>
      <subfield code="c">1834.</subfield>
    </datafield>
    <datafield tag="300" ind1=" " ind2=" ">
      <subfield code="c">31 cm.</subfield>
    </datafield>
    <datafield tag="336" ind1=" " ind2=" ">
      <subfield code="a">tekst</subfield>
      <subfield code="b">txt</subfield>
      <subfield code="2">rdacontent/dut</subfield>
    </datafield>
    <datafield tag="337" ind1=" " ind2=" ">
      <subfield code="a">zonder medium</subfield>
      <subfield code="b">n</subfield>
      <subfield code="2">rdamedia/dut</subfield>
    </datafield>
    <datafield tag="338" ind1=" " ind2=" ">
      <subfield code="a">band</subfield>
      <subfield code="b">nc</subfield>
      <subfield code="2">rdacarrier/dut</subfield>
    </datafield>
    <datafield tag="500" ind1=" " ind2=" ">
      <subfield code="a">De platen ontbreken.</subfield>
    </datafield>
    <datafield tag="700" ind1="1" ind2=" ">
      <subfield code="a">Rosenmüller, Johann Christian,</subfield>
      <subfield code="d">1771-1820.</subfield>
      <subfield code="1">https://id.oclc.org/worldcat/entity/E39PBJtRMTWkrj8gY6wXFbBVmd</subfield>
    </datafield>
    <datafield tag="700" ind1="1" ind2=" ">
      <subfield code="a">Loder, Justus Christian von</subfield>
      <subfield code="q">(Justus Christianus),</subfield>
      <subfield code="d">1753-1832.</subfield>
      <subfield code="1">https://id.oclc.org/worldcat/entity/E39PBJyh7wMypRjgymKpdjb8G3</subfield>
    </datafield>
    <datafield tag="700" ind1="1" ind2=" ">
      <subfield code="a">Bell, Charles,</subfield>
      <subfield code="d">1774-1842.</subfield>
      <subfield code="1">https://id.oclc.org/worldcat/entity/E39PBJjmQYdJ3rBC6WkfRKmcfq</subfield>
    </datafield>
    <datafield tag="700" ind1="1" ind2=" ">
      <subfield code="a">Richter, Theodor Friedrich Maximilian,</subfield>
      <subfield code="d">ca. 1783-1837.</subfield>
      <subfield code="1">https://id.oclc.org/worldcat/entity/E39PBJgt7cG6Y6YGdY3Qr3W7HC</subfield>
    </datafield>
    <datafield tag="758" ind1=" " ind2=" ">
      <subfield code="a">Pfennig-Encyklopädie der Anatomie oder bildliche Darstellung der gesammten menschlichen Anatomie nach Rosenmüller, Loder, Carl Bell ... [et al.] (Text)</subfield>
      <subfield code="1">https://id.oclc.org/worldcat/entity/E39PCGbp4gjy4qp4Hgg3hm8t8C</subfield>
      <subfield code="4">https://id.oclc.org/worldcat/ontology/hasWork</subfield>
    </datafield>
    <datafield tag="936" ind1=" " ind2=" ">
      <subfield code="a">BATCHLOAD</subfield>
    </datafield>
  </record>